La aurora del pensamiento griego. Las cosmogonías prefilosóficas de Hesíodo, Alcmán, Ferecides, Epiménides, Museo y la Teogonía órfica antigua

Збережено в:
Бібліографічні деталі
Автор: Martínez Nieto, Roxana B (autora)
Формат: Книга
Опубліковано: Madrid, España: Trotta, 2000.
Серія:Colección Estructuras y procesos. Serie Filosofía
Предмети:
Теги: Додати тег
Немає тегів, Будьте першим, хто поставить тег для цього запису!

MARC

LEADER 00000nam a22000007a 4500
003 CL-VaPUC
005 20230718142024.0
008 230718t2000 ||||| |||| 00| 0 eng d
999 |c 441390  |d 441388 
020 |a 84-8164-413-7 
040 |c Pontificia Universidad Católica de Valparaíso 
082 7 |a 180.938 MAR 2000  |2 22 
100 1 |a Martínez Nieto, Roxana B  |e autora  |9 883777 
245 1 3 |a La aurora del pensamiento griego.   |b Las cosmogonías prefilosóficas de Hesíodo, Alcmán, Ferecides, Epiménides, Museo y la Teogonía órfica antigua 
260 |a Madrid, España:  |b Trotta,   |c 2000. 
300 |a 300 páginas.  
490 |a Colección Estructuras y procesos.  |a  Serie Filosofía  
583 |c 20230718  |k GC 
650 |a Cosmogonía   |z Grecia   |9 883778 
650 0 |a Filosofía antigua   |9 870339  |z Grecia  
942 |2 ddc  |c BK 
952 |0 0  |1 0  |2 ddc  |4 0  |6 180_938000000000000_MAR_2000  |7 0  |8 A  |9 590913  |a BIBHIS  |b BIBHIS  |c GEN  |d 2023-07-18  |i 4979583  |o 180.938 MAR 2000  |p 4979583  |r 2025-01-20  |t 1  |w 2023-07-18  |y BK  |k HIS